Popular Communism : Popular Strategies and Social Histories in the Formation of the German, French, and Italian Communist Parties, 1919-1948 / (Record no. 616386)
[ view plain ]
| 000 -LEADER | |
|---|---|
| fixed length control field | 00457nam a22001337a 4500 |
| 020 ## - INTERNATIONAL STANDARD BOOK NUMBER | |
| Qualifying information | PB. |
| 040 ## - CATALOGING SOURCE | |
| Transcribing agency | Fizza Ishaq |
| 082 ## - DEWEY DECIMAL CLASSIFICATION NUMBER | |
| Classification number | 335.43 |
| Author Mark | ERI |
| 100 ## - MAIN ENTRY--PERSONAL NAME | |
| Personal name | Weitz, D. Eric. |
| 9 (RLIN) | 133435 |
| 245 ## - TITLE STATEMENT | |
| Title | Popular Communism : Popular Strategies and Social Histories in the Formation of the German, French, and Italian Communist Parties, 1919-1948 / |
| Statement of responsibility, etc. | Eric D. Weitz |
| 260 ## - PUBLICATION, DISTRIBUTION, ETC. | |
| Place of publication, distribution, etc. | New York : |
| Name of publisher, distributor, etc. | Cornell University Press, |
| Date of publication, distribution, etc. | 1992. |
| 300 ## - PHYSICAL DESCRIPTION | |
| Extent | 84 P. ; |
| 942 ## - ADDED ENTRY ELEMENTS (KOHA) | |
| Source of classification or shelving scheme | |
| Koha item type | Book |
| Withdrawn status | Lost status | Source of classification or shelving scheme | Damaged status | Not for loan | Permanent Location | Current Location | Shelving location | Date acquired | Total Checkouts | Full call number | Barcode | Date last seen | Price effective from | Koha item type |
|---|---|---|---|---|---|---|---|---|---|---|---|---|---|---|
| NUST Baluchistan Campus (NBC) | NUST Baluchistan Campus (NBC) | General Stacks | 02/24/2026 | 335.43 ERI | QD-556 | 02/24/2026 | 02/24/2026 | Book |
